000 00685nmm a2200289 a 4500
003 AR-BaBNM
005 20251128203741.0
008 216119s1959 ||||||||||||||000 | spa||
040 _cAR-BaBNM
100 1 _aJoyce, James
245 1 0 _aUlises
250 _a3ยช ed.
260 _aBuenos Aires
_bSantiago Rueda
_c1959
300 0 _a806 p.
530 _aInternet
650 4 _aLITERATURA INGLESA
650 4 _aNOVELAS
650 4 _aESCRITORES
650 4 _aCULTURA
650 4 _aOBRAS LITERARIAS
651 4 _aIrlanda
655 _aLITERATURA
700 1 _aMercanton, Jacques
_eprologuista
700 1 _aSalas Subirat, J.
_etraductor
942 _cBK
998 _cMARTIN
999 _c4781
_d4781